Allgemeinwissen-Quiz #17 - Statistiken

Allgemein
  • Dieses Quiz wurde 142 mal gespielt
    129 seit der letzten Aktualisierung
  • Das Durchschnittsergebnis liegt bei 12 aus 20
Antwortstatistiken
Frage Antwort % Korrekt
Welches Bild stammt aus Athen?
97%
Ein Wettrennen: Du überholst den Läufer auf Platz zwei. Auf welchem Platz bist du dann? 2.
96%
Wie heisst die Einheit der Brillenstärke? Dioptrie
96%
Wie heissen die beiden Freunde von Pippi Langstrumpf? Tommy und Annika
90%
Welcher berühmte US-amerikanische Schauspieler spielte die Hauptrolle in der Serie "Der Prinz von Bel-Air" aus den 90ern? Will Smith
85%
Welches Bild zeigt ein Nunchaku?
80%
Welche Krankheit war auf langen Seereisen weit verbreitet? Skorbut
77%
Welcher Fluss durchfliesst den Grand Canyon? Colorado River
69%
Wie heisst die Hauptstadt von Estland? Tallinn
69%
Auf welchem Bild sehen wir das Autologo von Buick?
67%
Auf welchem Bild sehen wir einen Barrakuda?
64%
Welcher Wochentag ist im Judentum der wichtigste? Samstag
59%
Zu welcher Inselgruppe gehört Bora Bora? Französisch-Polynesien
51%
Wie viele Runden werden bei einem Formel-1-Rennen in Monaco gefahren? 78
44%
In Tadschikistan kommt der grösste Teil des Stroms aus? Wasserkraft
42%
Wachsen viele grosse Brennnesseln, so ist der Boden wahrscheinlich sehr? stickstoffreich
39%
Welche dieser Sushi-Formen zeigt ein Eel (Unagi)?
29%
Auf welchem Gemälde sieht man einen Mann mit grünem Gesicht? Ich und das Dorf (Chagall)
25%
Welcher Künstler der Renaissance liegt im Pantheon in Rom begraben? Raffael
18%
Wer war auf der alten 50-Franken-Note abgebildet? Sophie Taeuber-Arp
14%
Keine übereinstimmenden Quizze gefunden
Verteilung der Resultate
Anzahl Personen mit jedem Resultat
Perzentil nach korrekt beantworteten Fragen
Ihre Resultats-Entwicklung
Sie haben dieses Quiz seit der letzten Aktualisierung nicht gespielt